Types of Countries - Statistics

General Stats
  • This quiz has been taken 21 times
  • The average score is 7 of 16
Answer Stats
Country Country Type Time Period % Correct
Mughal ______ Empire 1526-1857
90%
Qing _______ Dynasty 1644-1912
80%
Umayyad ________ Caliphate 661-750
75%
_______ of the Two Sicilies Kingdom 1816-1861
70%
Orange Free _____ State 1854-1902
65%
Polish-Lithuanian ____________ Commonwealth 1569-1795
60%
_________ of Andorra Principality 1278-
60%
Tokugawa _________ Shogunate 1603-1868
50%
Old Swiss __________ Confederacy 1291-1515
40%
German __________ Republic Democratic 1949-1990
40%
Mamluk _______ Sultanate 1250-1517
35%
Cape ______ Colony 1795-18021806-1910
20%
Kipchak _______ Khanate 1227-1502
20%
_______ of Diriyah Emirate 1744-1818
15%
_____ of Egypt Eyalet 1517-1867
0%
__________ of Austria Margraviate 970-1156
0%
No matching quizzes found
Score Distribution
Percent of People with Each Score
Percentile by Number Answered
Your Score History
You have not taken this quiz